[Event "Titled Tuesday intern op 23rd Jul Early"]
[Site "Chess.com INT"]
[Date "2024.07.23"]
[Round "11"]
[White "Kaminski, Victor Kazimierz"]
[Black "Yahi, Mohamed Salem"]
[Result "1-0"]
[WhiteElo "2247"]
[BlackElo "1873"]
[PlyCount "189"]
[EventDate "2024.07.23"]
[EventType "swiss (blitz)"]
[EventRounds "11"]
[EventCountry "USA"]
[SourceTitle "EXT 2025"]
[Source "ChessBase"]
[SourceDate "2024.10.14"]
[SourceVersion "1"]
[SourceVersionDate "2024.10.14"]
[SourceQuality "1"]

1. d4 d6 2. c4 Nf6 3. Nc3 g6 4. e4 Bg7 5. Be2 0-0 6. Bg5 Nc6 7. f3 e5 8. d5 Nd4 9. h4 h6 10. Be3 c5 11. dxc6 bxc6 12. Qd2 Kh7 13. g4 Nd7 14. Nh3 a5 15. Bd1 Ba6 16. b3 Nc5 17. Ng5+ hxg5 18. hxg5+ Kg8 19. Qh2 Re8 20. Qh7+ Kf8 21. Rh3 Nd3+ 22. Kd2 Nf4 23. Rg3 Qxg5 24. Ne2 Ndxe2 25. Bxe2 Qh6 26. Qxh6 Bxh6 27. g5 Bg7 28. Rh1 Ke7 29. Rh7 Nh5 30. Rh3 Rg8 31. Rh4 Rab8 32. f4 exf4 33. Bxf4 Nxf4 34. Rxf4 Rbf8 35. c5 Be5 36. cxd6+ Bxd6 37. e5 Bxe5 38. Re4 Kd6 39. Bxa6 Re8 40. Rxf7 Bc3+ 41. Kd3 Rxe4 42. Kxe4 Re8+ 43. Kd3 Be5 44. Bc4 Rd8 45. Ra7 Kc5+ 46. Ke4 Bg3 47. Rxa5+ Kb4 48. Ra4+ Kc3 49. Ra6 Rd4+ 50. Kf3 Bf4 51. Rxc6 Bxg5 52. Rxg6 Bc1 53. Rc6 Kb2 54. a4 Rf4+ 55. Kg3 Rf8 56. a5 Ra8 57. a6 Bd2 58. Rb6 Kc3 59. Rc6 Kb4 60. Kf3 Be1 61. Ke2 Re8+ 62. Kd3 Rd8+ 63. Ke4 Re8+ 64. Re6 Ra8 65. Kd5 Bc3 66. Kc6 Rc8+ 67. Kb7 Rh8 68. a7 Rh7+ 69. Ka6 Rh8 70. Bd5 Kc5 71. a8Q Rxa8+ 72. Bxa8 Bd4 73. Rc6+ Kb4 74. Rc4+ Kxb3 75. Rxd4 Kc3 76. Re4 Kd3 77. Kb5 Kc3 78. Rc4+ Kd3 79. Kc5 Ke3 80. Kd5 Kd3 81. Bb7 Ke3 82. Rd4 Kf3 83. Re4 Kg3 84. Ke5 Kf3 85. Kf5 Kg3 86. Rf4 Kh3 87. Rg4 Kh2 88. Bc8 Kh3 89. Kf4 Kh2 90. Kf3 Kh3 91. Ba6 Kh2 92. Rg3 Kh1 93. Kf2 Kh2 94. Rf3 Kh1 95. Rh3# 1-0

[Event "Titled Tuesday intern op 23rd Jul Early"]
[Site "Chess.com INT"]
[Date "2024.07.23"]
[Round "9"]
[White "Yu, Avery"]
[Black "Kaminski, Victor Kazimierz"]
[Result "1-0"]
[WhiteElo "1957"]
[BlackElo "2247"]
[PlyCount "119"]
[EventDate "2024.07.23"]
[EventType "swiss (blitz)"]
[EventRounds "11"]
[EventCountry "USA"]
[SourceTitle "EXT 2025"]
[Source "ChessBase"]
[SourceDate "2024.10.14"]
[SourceVersion "1"]
[SourceVersionDate "2024.10.14"]
[SourceQuality "1"]

1. e4 e5 2. Nf3 Nc6 3. Bc4 Nf6 4. d3 Bc5 5. 0-0 h6 6. Re1 d6 7. c3 Bb6 8. Nbd2 0-0 9. Nf1 Re8 10. Ng3 Be6 11. Bb5 d5 12. Qe2 dxe4 13. dxe4 Bg4 14. h3 Bh5 15. Nxh5 Nxh5 16. Nh2 Nf4 17. Qf3 Qh4 18. Ng4 h5 19. Ne3 Bxe3 20. Bxe3 Re6 21. Bf1 Rg6 22. Kh2 Qf6 23. g3 Ne6 24. Qg2 h4 25. g4 Nf4 26. Qf3 Rd8 27. Rad1 Qe6 28. Bxf4 exf4 29. Qxf4 Rxd1 30. Rxd1 Rf6 31. Qe3 Ne5 32. Bg2 Qxa2 33. Rd2 Qa6 34. f4 Nc6 35. e5 Re6 36. Qe4 g6 37. Qd5 Qa5 38. Qxa5 Nxa5 39. Rd8+ Kg7 40. Rd5 b6 41. f5 gxf5 42. gxf5 Re7 43. f6+ Kf8 44. fxe7+ Kxe7 45. Bf3 Nc4 46. b3 Ne3 47. Rd3 Nf5 48. Bg4 Ng3 49. Rxg3 hxg3+ 50. Kxg3 b5 51. h4 a5 52. Bd1 c5 53. h5 Ke6 54. h6 Kxe5 55. h7 Ke4 56. h8Q Kd3 57. Qh7+ Kd2 58. Qc2+ Ke3 59. Be2 b4 60. Qd3# 1-0

[Event "Titled Tuesday intern op 16th Jul Early"]
[Site "Chess.com INT"]
[Date "2024.07.16"]
[Round "11"]
[White "Kaminski, Victor Kazimierz"]
[Black "Shuvalov, Evgenij"]
[Result "1-0"]
[WhiteElo "2247"]
[BlackElo "1993"]
[PlyCount "119"]
[EventDate "2024.07.16"]
[EventType "swiss (blitz)"]
[EventRounds "11"]
[EventCountry "USA"]
[SourceTitle "EXT 2025"]
[Source "ChessBase"]
[SourceDate "2024.10.14"]
[SourceVersion "1"]
[SourceVersionDate "2024.10.14"]
[SourceQuality "1"]

1. d4 Nf6 2. Bf4 g6 3. Nf3 Bg7 4. c3 0-0 5. Nbd2 d5 6. e3 Nh5 7. Bg5 h6 8. Bh4 g5 9. Ne5 Nf6 10. Bg3 Bf5 11. Be2 Qc8 12. h4 g4 13. h5 Nbd7 14. Nxg4 Nxg4 15. Bxg4 Bxg4 16. Qxg4 Nf6 17. Qf3 c6 18. Be5 Qg4 19. Qxg4 Nxg4 20. Bxg7 Kxg7 21. Ke2 Rg8 22. f3 Nf6 23. g4 Nd7 24. f4 Kf8 25. Rag1 f6 26. Nf3 Kf7 27. g5 fxg5 28. fxg5 hxg5 29. Nxg5+ Kf6 30. Nf3 Ke6 31. h6 Nf6 32. Ng5+ Kf5 33. Nf7 Rxg1 34. Rxg1 Rf8 35. Rg7 Ne8 36. Rh7 Nf6 37. Rg7 Ne8 38. Kd3 Kf6 39. Ng5 Nxg7 40. Nh7+ Kf7 41. Nxf8 Nf5 42. h7 Kg7 43. Ne6+ Kxh7 44. Nd8 Nd6 45. b3 Kg6 46. c4 dxc4+ 47. bxc4 b5 48. c5 Nc8 49. Nxc6 Kf6 50. e4 Ke6 51. d5+ Kd7 52. Ne5+ Kc7 53. Kc3 a5 54. a3 Na7 55. Nd3 Nc8 56. Kd4 Na7 57. Ke5 b4 58. axb4 a4 59. Nc1 Nb5 60. Ke6 1-0

[Event "Titled Tuesday intern op 16th Jul Early"]
[Site "Chess.com INT"]
[Date "2024.07.16"]
[Round "4"]
[White "Sailer, Mike L"]
[Black "Kaminski, Victor Kazimierz"]
[Result "0-1"]
[WhiteElo "2095"]
[BlackElo "2247"]
[PlyCount "28"]
[EventDate "2024.07.16"]
[EventType "swiss (blitz)"]
[EventRounds "11"]
[EventCountry "USA"]
[SourceTitle "EXT 2025"]
[Source "ChessBase"]
[SourceDate "2024.10.14"]
[SourceVersion "1"]
[SourceVersionDate "2024.10.14"]
[SourceQuality "1"]

1. d4 g6 2. Nf3 Bg7 3. Bf4 d5 4. e3 Nf6 5. Be2 0-0 6. 0-0 c5 7. h3 Nc6 8. c3 Qb6 9. Qb3 c4 10. Qa3 Re8 11. Nbd2 Bf8 12. b3 e5 13. Qb2 exf4 14. bxc4 Qxb2 0-1

[Event "Titled Tuesday intern op 09th Jul Early"]
[Site "Chess.com INT"]
[Date "2024.07.09"]
[Round "2"]
[White "Jaiveer, Mahendru"]
[Black "Kaminski, Victor Kazimierz"]
[Result "1/2-1/2"]
[WhiteElo "2214"]
[BlackElo "2247"]
[PlyCount "88"]
[EventDate "2024.07.09"]
[EventType "swiss (blitz)"]
[EventRounds "11"]
[EventCountry "USA"]
[SourceTitle "EXT 2025"]
[Source "ChessBase"]
[SourceDate "2024.10.14"]
[SourceVersion "1"]
[SourceVersionDate "2024.10.14"]
[SourceQuality "1"]

1. Nf3 Nf6 2. g3 g6 3. Bg2 Bg7 4. 0-0 0-0 5. d3 d5 6. c3 c5 7. Re1 Nc6 8. Qc2 Bg4 9. e4 dxe4 10. dxe4 e5 11. Be3 b6 12. Na3 Qc7 13. h3 Bxf3 14. Bxf3 a6 15. Rad1 Rfd8 16. Bg5 h6 17. Bxf6 Bxf6 18. Nc4 b5 19. Ne3 Ne7 20. Nd5 Nxd5 21. exd5 Rd6 22. c4 Kg7 23. b3 b4 24. h4 h5 25. Re4 a5 26. Qe2 Re8 27. g4 hxg4 28. Rxg4 Rh8 29. Qe4 Qe7 30. Re1 Rxh4 31. Rxh4 Bxh4 32. Qxe5+ Qxe5 33. Rxe5 Kf8 34. Kg2 Bf6 35. Re2 Rd7 36. Kg3 Re7 37. Be4 Be5+ 38. f4 Bd6 39. Kf3 f5 40. Bd3 Rxe2 41. Bxe2 Kg7 42. Bd1 Kf6 43. Bc2 g5 44. fxg5+ Kxg5 1/2-1/2

[Event "Titled Tuesday intern op 09th Jul Early"]
[Site "Chess.com INT"]
[Date "2024.07.09"]
[Round "9"]
[White "Kaminski, Victor Kazimierz"]
[Black "Bynum, Jacorey"]
[Result "1-0"]
[WhiteElo "2247"]
[BlackElo "2060"]
[PlyCount "73"]
[EventDate "2024.07.09"]
[EventType "swiss (blitz)"]
[EventRounds "11"]
[EventCountry "USA"]
[SourceTitle "EXT 2025"]
[Source "ChessBase"]
[SourceDate "2024.10.14"]
[SourceVersion "1"]
[SourceVersionDate "2024.10.14"]
[SourceQuality "1"]

1. d4 d5 2. Bf4 Nf6 3. Nf3 c5 4. e3 e6 5. Nbd2 Bd6 6. Bg3 0-0 7. c3 Qc7 8. Ne5 Nbd7 9. f4 a6 10. a4 Rb8 11. Bd3 b5 12. axb5 axb5 13. 0-0 b4 14. Qf3 bxc3 15. bxc3 g6 16. Bh4 Nh5 17. g4 Ng7 18. Rac1 Rb2 19. Rc2 Rxc2 20. Bxc2 cxd4 21. exd4 Ba6 22. Ra1 Bb5 23. Rb1 Ba6 24. Bg5 Rc8 25. Rb3 Bc4 26. Rb2 Nxe5 27. fxe5 Be7 28. Bxe7 Qxe7 29. Nxc4 dxc4 30. Rb7 Qe8 31. Ba4 Qf8 32. h4 h5 33. gxh5 Nxh5 34. Bd1 Ng7 35. Qf6 Nf5 36. h5 Qg7 37. hxg6 1-0

[Event "Titled Tuesday intern op 09th Jul Early"]
[Site "Chess.com INT"]
[Date "2024.07.09"]
[Round "6"]
[White "Kaminski, Victor Kazimierz"]
[Black "Yezhel, Valiantsin"]
[Result "0-1"]
[WhiteElo "2247"]
[BlackElo "2266"]
[PlyCount "106"]
[EventDate "2024.07.09"]
[EventType "swiss (blitz)"]
[EventRounds "11"]
[EventCountry "USA"]
[SourceTitle "EXT 2025"]
[Source "ChessBase"]
[SourceDate "2024.10.14"]
[SourceVersion "1"]
[SourceVersionDate "2024.10.14"]
[SourceQuality "1"]

1. d4 Nf6 2. Bf4 g6 3. Nc3 d5 4. e3 c6 5. h4 Bg7 6. h5 Nxh5 7. Rxh5 gxh5 8. Qxh5 Nd7 9. Nf3 Nf6 10. Qg5 Rg8 11. Ne5 h6 12. Qh4 Bf5 13. g4 Bxc2 14. Rc1 Bh7 15. Bxh6 Bxh6 16. Qxh6 Bg6 17. g5 Nd7 18. Nxg6 Rxg6 19. Qh8+ Nf8 20. f4 Qd6 21. Bd3 Re6 22. Kd2 0-0-0 23. Bf5 Kc7 24. Bxe6 Nxe6 25. Qe5 Qxe5 26. dxe5 Kd7 27. Rh1 Rg8 28. Rh7 Rg7 29. Rxg7 Nxg7 30. e4 e6 31. Ke3 dxe4 32. Kxe4 Nf5 33. Ne2 c5 34. b3 Kc6 35. Nc3 b5 36. Kf3 c4 37. bxc4 bxc4 38. Kg4 Kc5 39. g6 fxg6 40. Kg5 Ne7 41. Ne4+ Kd4 42. Nd2 Nd5 43. Kxg6 Nxf4+ 44. Kf6 c3 45. Nb3+ Kc4 46. Kg5 Nd5 47. Kg6 c2 48. Kf7 Nf4 49. Kf6 Kc3 50. Kg5 Nd5 51. Kg6 a5 52. Kf7 Nf4 53. Nxa5 c1Q 0-1